[Event "Ciudad de Pamplona Op"]
[Site "Pamplona ESP"]
[Date "2006.12.24"]
[Round "4.7"]
[White "Esparza Martinez, Iñaki"]
[Black "Zamarbide Iñarrea, Daniel"]
[Result "1/2-1/2"]
[WhiteElo "1906"]
[BlackElo "1981"]
[PlyCount "88"]
[EventDate "2006.12.22"]
[EventType "swiss"]
[EventRounds "9"]
[EventCountry "ESP"]
[Source ""]
[SourceDate "2006.12.22"]

1. d4 Nf6 2. c4 Nc6 3. Nf3 e6 4. Nc3 Bb4 5. Qc2 Bxc3+ 6. Qxc3 h6 7. e3 O-O 8.
Bd3 d6 9. e4 e5 10. d5 Ne7 11. h3 Ng6 12. Be3 Bd7 13. Qd2 c5 14. g4 b5 15. cxb5
c4 16. Bc2 Bxb5 17. g5 hxg5 18. Bxg5 c3 19. bxc3 Qc7 20. Bxf6 gxf6 21. Rg1 Rfc8
22. Nh4 Qxc3 23. Rc1 Kh7 24. Nf5 Nf4 25. Qxc3 Rxc3 26. Nxd6 Nd3+ 27. Kd2 Nxc1
28. Rxc1 Rc5 29. f4 Kg7 30. Rg1+ Kf8 31. fxe5 fxe5 32. h4 Ke7 33. Nf5+ Kf6 34.
Bb3 a5 35. h5 Rh8 36. Bd1 a4 37. Rg3 Rc4 38. Rf3 Kg5 39. Nd6 Rd4+ 40. Kc3 Rxd1
41. Nxf7+ Kg4 42. Nxe5+ Kh4 43. Ng6+ Kg4 44. Ne5+ Kh4 1/2-1/2

[Event "Ciudad de Pamplona Op"]
[Site "Pamplona ESP"]
[Date "2006.12.24"]
[Round "4.8"]
[White "Cortes Bueno, Jesus Javier"]
[Black "Lisarri Tomas, Antonio"]
[Result "1-0"]
[WhiteElo "2261"]
[BlackElo "1954"]
[PlyCount "51"]
[EventDate "2006.12.22"]
[EventType "swiss"]
[EventRounds "9"]
[EventCountry "ESP"]
[Source ""]
[SourceDate "2006.12.22"]

1. e4 c5 2. Nf3 d6 3. d4 cxd4 4. Nxd4 Nf6 5. Nc3 a6 6. Bg5 e6 7. f4 Be7 8. Qf3
Nbd7 9. O-O-O Qc7 10. g4 b5 11. Bxf6 Nxf6 12. Bd3 b4 13. Nce2 Bb7 14. g5 Nd7
15. Kb1 d5 16. e5 g6 17. h4 Nc5 18. h5 O-O-O 19. c3 Ne4 20. Ng3 bxc3 21. Nxe4
dxe4 22. Bxe4 Bc5 23. Bxb7+ Qxb7 24. Qxc3 Qb4 25. Qxb4 Bxb4 26. Rc1+ 1-0

[Event "Ciudad de Pamplona Op"]
[Site "Pamplona ESP"]
[Date "2006.12.24"]
[Round "4.9"]
[White "Garcia Paolicchi, Raul"]
[Black "Martinez Salas, Imanol"]
[Result "1-0"]
[WhiteElo "2273"]
[BlackElo "1868"]
[PlyCount "70"]
[EventDate "2006.12.22"]
[EventType "swiss"]
[EventRounds "9"]
[EventCountry "ESP"]
[Source ""]
[SourceDate "2006.12.22"]

1. d4 d5 2. Nf3 Nf6 3. c4 c6 4. e3 Bf5 5. Nc3 e6 6. Nh4 Bg6 7. Nxg6 hxg6 8. Bd2
Nbd7 9. Rc1 Be7 10. b3 dxc4 11. bxc4 e5 12. Be2 exd4 13. exd4 Nf8 14. Be3 Ne6
15. h3 O-O 16. O-O Bb4 17. Bf3 Re8 18. Qb3 Bxc3 19. Qxc3 g5 20. g3 g6 21. Rfd1
Nh5 22. Bxh5 gxh5 23. d5 cxd5 24. cxd5 Ng7 25. Qd2 f6 26. d6 Qd7 27. Qd5+ Qe6
28. d7 Red8 29. Qxb7 Qxh3 30. Qd5+ Qe6 31. Rc7 Qxd5 32. Rxd5 Ne6 33. Rb7 Kf7
34. Bxa7 Nf8 35. Bb6 Ke6 1-0

[Event "Ciudad de Pamplona Op"]
[Site "Pamplona ESP"]
[Date "2006.12.24"]
[Round "4.10"]
[White "Barrenechea Bahamonde, Gustavo"]
[Black "Porras Mateo, Alejandra"]
[Result "1-0"]
[WhiteElo "2183"]
[BlackElo "1794"]
[PlyCount "55"]
[EventDate "2006.12.22"]
[EventType "swiss"]
[EventRounds "9"]
[EventCountry "ESP"]
[Source ""]
[SourceDate "2006.12.22"]

1. e4 e6 2. Nf3 d5 3. Nc3 Nf6 4. e5 Nfd7 5. d4 c5 6. dxc5 Bxc5 7. Bd3 Nc6 8.
Bf4 h6 9. Bg3 O-O 10. O-O a6 11. a4 Bb6 12. Re1 Nc5 13. Bf1 Bd7 14. Ne2 Ne4 15.
c3 Rc8 16. Ned4 Na5 17. Bh4 Qc7 18. Bd3 g5 19. Nxg5 hxg5 20. Bxe4 dxe4 21. Rxe4
f5 22. exf6 Rxf6 23. Bxg5 Rg6 24. Bf4 Qd8 25. Qh5 Qf6 26. Be5 Rh6 27. Rg4+ Kf8
28. Bd6+ 1-0

[Event "Ciudad de Pamplona Op"]
[Site "Pamplona ESP"]
[Date "2006.12.26"]
[Round "5.1"]
[White "Conquest, Stuart"]
[Black "Strikovic, Aleksa"]
[Result "1/2-1/2"]
[WhiteElo "2549"]
[BlackElo "2509"]
[PlyCount "23"]
[EventDate "2006.12.22"]
[EventType "swiss"]
[EventRounds "9"]
[EventCountry "ESP"]
[Source ""]
[SourceDate "2006.12.22"]

1. e4 e5 2. Nf3 Nc6 3. Bb5 a6 4. Ba4 Nf6 5. O-O Be7 6. Re1 b5 7. Bb3 O-O 8. h3
d6 9. c3 Na5 10. Bc2 c5 11. d4 Qc7 12. Nbd2 1/2-1/2

[Event "Ciudad de Pamplona Op"]
[Site "Pamplona ESP"]
[Date "2006.12.26"]
[Round "5.2"]
[White "Villuendas Valero, Adrian"]
[Black "Magem Badals, Jordi"]
[Result "0-1"]
[WhiteElo "2191"]
[BlackElo "2489"]
[PlyCount "86"]
[EventDate "2006.12.22"]
[EventType "swiss"]
[EventRounds "9"]
[EventCountry "ESP"]
[Source ""]
[SourceDate "2006.12.22"]

1. d4 d5 2. c4 e6 3. Nc3 c5 4. cxd5 exd5 5. Nf3 Nc6 6. g3 c4 7. Bg2 Bb4 8. O-O
Nge7 9. Ne5 O-O 10. Nxc6 bxc6 11. e4 dxe4 12. Nxe4 Be6 13. Bd2 Rb8 14. Bf4 Rb5
15. Qc2 Bd5 16. a3 Ba5 17. Nd6 Bxg2 18. Kxg2 Rd5 19. Nxc4 Rxd4 20. Nxa5 Qxa5
21. Rad1 Qd5+ 22. Kg1 Nf5 23. Be3 Rxd1 24. Rxd1 Nxe3 25. fxe3 Qf3 26. Rd3 h5
27. Qf2 Qe4 28. Rd4 Qb1+ 29. Kg2 c5 30. Rd7 a6 31. Re7 Qg6 32. Qf4 Qc2+ 33. Qf2
Qd3 34. Qf3 c4 35. Rc7 Qd2+ 36. Qf2 Qd6 37. Qf4 Qd5+ 38. Qf3 Qe5 39. Rb7 c3 40.
bxc3 Qxc3 41. e4 Qc2+ 42. Kg1 g6 43. Qe3 Rd8 0-1

[Event "Ciudad de Pamplona Op"]
[Site "Pamplona ESP"]
[Date "2006.12.26"]
[Round "5.3"]
[White "Oms Fuentes, Lluis"]
[Black "Moreno Gracia, Daniel"]
[Result "1-0"]
[WhiteElo "2281"]
[BlackElo "2178"]
[PlyCount "91"]
[EventDate "2006.12.22"]
[EventType "swiss"]
[EventRounds "9"]
[EventCountry "ESP"]
[Source ""]
[SourceDate "2006.12.22"]

1. e4 e5 2. Nf3 Nc6 3. d4 exd4 4. Nxd4 Bc5 5. Nb3 Bb6 6. Nc3 Qf6 7. Qe2 Nge7 8.
Be3 d6 9. O-O-O Bd7 10. h3 O-O-O 11. f4 h5 12. g3 Bxe3+ 13. Qxe3 Rhe8 14. Qf3
g5 15. Bg2 g4 16. Qd3 Qg6 17. h4 f5 18. e5 Be6 19. exd6 Rxd6 20. Qb5 a6 21. Qc5
Red8 22. Rxd6 Rxd6 23. Re1 Qf7 24. Qe3 Nd5 25. Bxd5 Bxd5 26. Nc5 b6 27. Nd3 Kb7
28. Ne5 Qe6 29. Nxc6 Kxc6 30. Qf2 Qd7 31. Re5 Bf3 32. b3 Kb7 33. Qe3 Rc6 34.
Kb2 b5 35. a3 Rf6 36. Qc5 Rc6 37. Qe3 Rf6 38. a4 b4 39. Na2 Rb6 40. Qc5 Be4 41.
Nxb4 a5 42. Nd5 Rd6 43. Nc3 Bxc2 44. Kxc2 Rd2+ 45. Kc1 Qd3 46. Qb5+ 1-0

[Event "Ciudad de Pamplona Op"]
[Site "Pamplona ESP"]
[Date "2006.12.26"]
[Round "5.4"]
[White "Ugalde Ezcurra, Jose Miguel"]
[Black "Alcaide Luque, Aitor"]
[Result "1-0"]
[WhiteElo "2204"]
[BlackElo "2088"]
[PlyCount "35"]
[EventDate "2006.12.22"]
[EventType "swiss"]
[EventRounds "9"]
[EventCountry "ESP"]
[Source ""]
[SourceDate "2006.12.22"]

1. d4 e6 2. c4 f5 3. g3 Nf6 4. Bg2 c6 5. Nf3 d5 6. O-O Bd6 7. b3 Qe7 8. a4 a5
9. Ba3 b6 10. Bxd6 Qxd6 11. Nc3 Nbd7 12. Qc2 Ne4 13. Rad1 Nxc3 14. Qxc3 Bb7 15.
cxd5 exd5 16. Qe3+ Qe7 17. Qf4 O-O 18. Qc7 1-0

[Event "Ciudad de Pamplona Op"]
[Site "Pamplona ESP"]
[Date "2006.12.26"]
[Round "5.5"]
[White "Sola Plaza, Gregorio"]
[Black "Cortes Bueno, Jesus Javier"]
[Result "0-1"]
[WhiteElo "1997"]
[BlackElo "2261"]
[PlyCount "80"]
[EventDate "2006.12.22"]
[EventType "swiss"]
[EventRounds "9"]
[EventCountry "ESP"]
[Source ""]
[SourceDate "2006.12.22"]

1. d4 Nf6 2. Bg5 e6 3. e4 c5 4. e5 h6 5. Bc1 Nd5 6. c4 Nc7 7. dxc5 Nc6 8. Nf3
Bxc5 9. Nc3 d5 10. exd6 Qxd6 11. Qxd6 Bxd6 12. Bd3 b6 13. O-O Bb7 14. Ne4 Be7
15. Bf4 O-O-O 16. Rad1 g5 17. Bc1 Nb4 18. Bb1 Nxa2 19. Ne5 Nxc1 20. Rxc1 Rhf8
21. c5 Rd5 22. cxb6 axb6 23. Nc4 Rd4 24. Nxb6+ Kb8 25. Rfd1 Rfd8 26. Rxd4 Rxd4
27. f3 f5 28. Nf2 Ba6 29. g4 Kb7 30. gxf5 Kxb6 31. fxe6 Rd2 32. Rc2 Rxc2 33.
Bxc2 Nxe6 34. h4 gxh4 35. Ng4 h3 36. Kh2 h5 37. Ne3 Nf4 38. Bf5 Bd6 39. Nd1 Be2
40. Nc3 Ng6+ 0-1

[Event "Ciudad de Pamplona Op"]
[Site "Pamplona ESP"]
[Date "2006.12.26"]
[Round "5.6"]
[White "Argaya Urdaniz, Miguel"]
[Black "Cortes Lizano, Jesus"]
[Result "1/2-1/2"]
[WhiteElo "2084"]
[BlackElo "2287"]
[PlyCount "45"]
[EventDate "2006.12.22"]
[EventType "swiss"]
[EventRounds "9"]
[EventCountry "ESP"]
[Source ""]
[SourceDate "2006.12.22"]

1. e4 c5 2. Nf3 d6 3. d4 cxd4 4. Nxd4 Nf6 5. Nc3 a6 6. Be3 e6 7. f3 b5 8. g4
Bb7 9. Qd2 Nfd7 10. h4 Nb6 11. Bd3 N8d7 12. O-O-O Rc8 13. Kb1 Ne5 14. Rh3 Be7
15. Bg5 Nec4 16. Qc1 Qc7 17. Bxe7 Qxe7 18. f4 Qc7 19. b3 Na5 20. Qa3 Nc6 21.
Ncxb5 axb5 22. Nxb5 Qe7 23. Nxd6+ 1/2-1/2

[Event "Ciudad de Pamplona Op"]
[Site "Pamplona ESP"]
[Date "2006.12.26"]
[Round "5.7"]
[White "Labena Bernal, Antonio"]
[Black "Garcia Paolicchi, Raul"]
[Result "1-0"]
[WhiteElo "2045"]
[BlackElo "2273"]
[PlyCount "71"]
[EventDate "2006.12.22"]
[EventType "swiss"]
[EventRounds "9"]
[EventCountry "ESP"]
[Source ""]
[SourceDate "2006.12.22"]

1. e4 c5 2. Nf3 b6 3. c3 Bb7 4. e5 e6 5. d4 cxd4 6. cxd4 d5 7. Bd3 Ne7 8. Ng5
g6 9. Qf3 Nf5 10. g4 Nh6 11. h4 Nc6 12. Be3 Qe7 13. Nc3 O-O-O 14. Nb5 Qd7 15.
O-O Kb8 16. Rfc1 a6 17. Nc3 Ka7 18. Nh3 Nxe5 19. dxe5 d4 20. Be4 dxe3 21. Rd1
exf2+ 22. Nxf2 Qc7 23. Rxd8 Bxe4 24. Qd1 Bc6 25. Rc1 Nxg4 26. Nce4 Nxf2 27.
Nxf2 Bg7 28. Rd6 Kb7 29. Rdxc6 Qxc6 30. Rxc6 Kxc6 31. Qd6+ Kb7 32. Qe7+ Kb8 33.
Qxf7 Bxe5 34. Qxe6 Bc7 35. Qf7 Be5 36. Nd3 1-0

[Event "Ciudad de Pamplona Op"]
[Site "Pamplona ESP"]
[Date "2006.12.26"]
[Round "5.8"]
[White "Zamarbide Iñarrea, Daniel"]
[Black "Barrenechea Bahamonde, Gustavo"]
[Result "0-1"]
[WhiteElo "1981"]
[BlackElo "2183"]
[PlyCount "48"]
[EventDate "2006.12.22"]
[EventType "swiss"]
[EventRounds "9"]
[EventCountry "ESP"]
[Source ""]
[SourceDate "2006.12.22"]

1. e4 c5 2. Nf3 g6 3. d4 cxd4 4. Qxd4 Nf6 5. Bg5 Nc6 6. Qe3 Bg7 7. Nc3 O-O 8.
h3 Qa5 9. O-O-O b5 10. e5 b4 11. exf6 exf6 12. Rd5 Qd8 13. Ne4 fxg5 14. Nd6 Qf6
15. Qb3 a5 16. Bb5 Ba6 17. Ba4 Be2 18. Nxg5 Nd4 19. Qe3 Ne6 20. Ngxf7 Qxb2+ 21.
Kd2 Ba6 22. Ne5 Rxf2+ 23. Qxf2 Bh6+ 24. Ke1 Qa1+ 0-1

[Event "Ciudad de Pamplona Op"]
[Site "Pamplona ESP"]
[Date "2006.12.26"]
[Round "5.9"]
[White "Ros Octavio de Toledo, Eduardo"]
[Black "Burguete Archel, Eduardo"]
[Result "1/2-1/2"]
[WhiteElo "2170"]
[BlackElo "2121"]
[PlyCount "135"]
[EventDate "2006.12.22"]
[EventType "swiss"]
[EventRounds "9"]
[EventCountry "ESP"]
[Source ""]
[SourceDate "2006.12.22"]

1. Nf3 Nf6 2. c4 e6 3. Nc3 d5 4. d4 c5 5. cxd5 exd5 6. Bg5 Be6 7. e3 cxd4 8.
Nxd4 Be7 9. Bb5+ Nbd7 10. O-O O-O 11. e4 Bg4 12. Qd2 dxe4 13. h3 Bh5 14. Nf5
Bb4 15. Bxd7 Qxd7 16. Qxd7 Nxd7 17. Nxe4 Rfe8 18. Neg3 Bg6 19. Rfd1 Ne5 20.
Rac1 h6 21. Be3 Nc6 22. Rd7 Nd8 23. a3 Bf8 24. Rcc7 Re5 25. Ne7+ Bxe7 26. Rxe7
Rxe7 27. Rxe7 b6 28. Re8+ Kh7 29. Ne2 Rc8 30. Nd4 Bd3 31. Kh2 Ba6 32. Re7 Ra8
33. Bf4 Kg6 34. Bc7 Nb7 35. b4 Bc4 36. Be5 Bd5 37. Nb5 Bc6 38. Nc7 Rd8 39. b5
Bd7 40. Na6 Bxb5 41. Rxb7 Bxa6 42. Rxa7 Bc4 43. Bc7 Rd7 44. Bxb6 Rxa7 45. Bxa7
Kf5 46. Kg3 h5 47. h4 g6 48. f3 Ke5 49. Kf2 Kd5 50. Ke3 Kc6 51. Kf4 Bf1 52. g4
hxg4 53. fxg4 Be2 54. Kg5 Bd1 55. h5 gxh5 56. gxh5 Bxh5 57. Kxh5 Kb7 58. Bc5 f5
59. Kg5 f4 60. Kxf4 Ka8 61. Ke5 Kb8 62. Kd5 Ka8 63. a4 Kb8 64. a5 Ka8 65. Kc6
Kb8 66. a6 Ka8 67. Bd6 Ka7 68. Kb5 1/2-1/2

[Event "Ciudad de Pamplona Op"]
[Site "Pamplona ESP"]
[Date "2006.12.26"]
[Round "5.10"]
[White "Viñal Gutierrez, Pedro"]
[Black "Arjona Martinez, Santiago"]
[Result "0-1"]
[WhiteElo "2191"]
[BlackElo "2069"]
[PlyCount "42"]
[EventDate "2006.12.22"]
[EventType "swiss"]
[EventRounds "9"]
[EventCountry "ESP"]
[Source ""]
[SourceDate "2006.12.22"]

1. e4 c5 2. Nf3 d6 3. b4 cxb4 4. d4 Nf6 5. Bd3 g6 6. a3 bxa3 7. Nxa3 Bg7 8. c4
O-O 9. O-O Bg4 10. Be3 Nc6 11. Nc2 Nd7 12. h3 Bxf3 13. Qxf3 e5 14. d5 Nd4 15.
Nxd4 exd4 16. Bf4 Nc5 17. Qg3 Re8 18. Bxd6 Nxd3 19. Bc7 Qd7 20. d6 Nc5 21. f3
Be5 0-1

[Event "Ciudad de Pamplona Op"]
[Site "Pamplona ESP"]
[Date "2006.12.26"]
[Round "6.1"]
[White "Strikovic, Aleksa"]
[Black "Oms Fuentes, Lluis"]
[Result "1-0"]
[WhiteElo "2509"]
[BlackElo "2281"]
[PlyCount "57"]
[EventDate "2006.12.22"]
[EventType "swiss"]
[EventRounds "9"]
[EventCountry "ESP"]
[Source ""]
[SourceDate "2006.12.22"]

1. c4 e6 2. Nf3 d5 3. g3 Nf6 4. Bg2 c5 5. O-O Nc6 6. b3 Be7 7. cxd5 exd5 8. d4
O-O 9. Nc3 Bg4 10. dxc5 Bxc5 11. Bb2 a6 12. Rc1 Ba7 13. h3 Bf5 14. e3 h6 15.
Nh4 Be6 16. Ne2 Qd7 17. Bxf6 gxf6 18. Nf4 d4 19. Nxe6 fxe6 20. Qg4+ Kh8 21.
Ng6+ Kh7 22. Nxf8+ Rxf8 23. Bxc6 bxc6 24. Qe4+ f5 25. Qxc6 Qg7 26. exd4 Bxd4
27. Kg2 f4 28. Qxe6 Qb7+ 29. Rc6 1-0

[Event "Ciudad de Pamplona Op"]
[Site "Pamplona ESP"]
[Date "2006.12.26"]
[Round "6.2"]
[White "Magem Badals, Jordi"]
[Black "Conquest, Stuart"]
[Result "1/2-1/2"]
[WhiteElo "2489"]
[BlackElo "2549"]
[PlyCount "47"]
[EventDate "2006.12.22"]
[EventType "swiss"]
[EventRounds "9"]
[EventCountry "ESP"]
[Source ""]
[SourceDate "2006.12.22"]

1. e4 g6 2. d4 Bg7 3. Nc3 d6 4. Be3 c6 5. Qd2 Qc7 6. f3 Nd7 7. h4 Ngf6 8. g4 h6
9. Nge2 b5 10. Ng3 Nb6 11. b3 h5 12. g5 Nfd7 13. f4 Bb7 14. Bg2 b4 15. Nce2 c5
16. O-O cxd4 17. Nxd4 Rc8 18. Qxb4 Qc3 19. Qxc3 Rxc3 20. Kf2 e5 21. Nde2 exf4
22. Bxf4 Rxc2 23. Rfc1 Rxc1 24. Rxc1 1/2-1/2

[Event "Ciudad de Pamplona Op"]
[Site "Pamplona ESP"]
[Date "2006.12.26"]
[Round "6.3"]
[White "Cortes Bueno, Jesus Javier"]
[Black "Labena Bernal, Antonio"]
[Result "1-0"]
[WhiteElo "2261"]
[BlackElo "2045"]
[PlyCount "93"]
[EventDate "2006.12.22"]
[EventType "swiss"]
[EventRounds "9"]
[EventCountry "ESP"]
[Source ""]
[SourceDate "2006.12.22"]

1. e4 e5 2. Nf3 Nc6 3. Bb5 a6 4. Ba4 Nf6 5. O-O Be7 6. Re1 b5 7. Bb3 d6 8. c3
O-O 9. h3 Nb8 10. d4 Nbd7 11. Nbd2 Bb7 12. Bc2 Re8 13. Nf1 Bf8 14. Ng3 g6 15.
a4 c5 16. Bg5 h6 17. Bd2 Nb6 18. b3 Qc7 19. Bd3 c4 20. bxc4 Nxc4 21. Bc1 Bc6
22. Bxc4 bxc4 23. d5 Bb7 24. Be3 Nd7 25. a5 Nc5 26. Nd2 Nd3 27. Bb6 Qd7 28. Re3
Nf4 29. Nxc4 h5 30. Nd2 Bh6 31. c4 Nxh3+ 32. gxh3 Bxe3 33. Bxe3 Qxh3 34. Qf3 h4
35. Ngf1 Bc8 36. Qxh3 Bxh3 37. Bg5 Bxf1 38. Nxf1 Rec8 39. Ne3 Ra7 40. Rb1 Kg7
41. Rb6 f6 42. Bxh4 Rh8 43. Bg3 Rd8 44. f3 Kf7 45. Kg2 Ke7 46. Be1 Kd7 47. c5
1-0

[Event "Ciudad de Pamplona Op"]
[Site "Pamplona ESP"]
[Date "2006.12.26"]
[Round "6.4"]
[White "Lakunza Oyarbide, Juan Carlos"]
[Black "Ugalde Ezcurra, Jose Miguel"]
[Result "1/2-1/2"]
[WhiteElo "2176"]
[BlackElo "2204"]
[PlyCount "55"]
[EventDate "2006.12.22"]
[EventType "swiss"]
[EventRounds "9"]
[EventCountry "ESP"]
[Source ""]
[SourceDate "2006.12.22"]

1. d4 d5 2. Nf3 Nf6 3. c4 e6 4. g3 Bb4+ 5. Bd2 Be7 6. Bg2 O-O 7. O-O c6 8. Qc2
Ne4 9. Nc3 Nxd2 10. Qxd2 dxc4 11. Rad1 b5 12. Nxb5 Bb7 13. Ne5 Qc8 14. Na3 Rd8
15. Qf4 f6 16. Nexc4 c5 17. Bxb7 Qxb7 18. dxc5 Na6 19. Na5 Qxb2 20. Qc4 Nxc5
21. Nb5 Rxd1 22. Rxd1 Rb8 23. a4 Rb6 24. Nxa7 Rb4 25. Qc1 Qxc1 26. Rxc1 Rxa4
27. N7c6 Bf8 28. Nc4 1/2-1/2

[Event "Ciudad de Pamplona Op"]
[Site "Pamplona ESP"]
[Date "2006.12.26"]
[Round "6.5"]
[White "Barrenechea Bahamonde, Gustavo"]
[Black "Arjona Martinez, Santiago"]
[Result "1/2-1/2"]
[WhiteElo "2183"]
[BlackElo "2069"]
[PlyCount "86"]
[EventDate "2006.12.22"]
[EventType "swiss"]
[EventRounds "9"]
[EventCountry "ESP"]
[Source ""]
[SourceDate "2006.12.22"]

1. e4 c5 2. Nf3 d6 3. Bc4 Nf6 4. d3 e6 5. O-O Be7 6. Bb3 O-O 7. c3 b6 8. Re1
Nc6 9. d4 cxd4 10. cxd4 e5 11. h3 Ba6 12. Nc3 Rc8 13. Be3 Qc7 14. Rc1 Qb8 15.
Bg5 Nb4 16. Re3 Rfe8 17. a3 Nc6 18. Nd5 Nxd5 19. Bxd5 exd4 20. Re1 Ne5 21. Rxc8
Qxc8 22. Bxe7 Nxf3+ 23. Qxf3 Rxe7 24. Qf4 Qd7 25. Rc1 Bb7 26. Bxb7 Qxb7 27.
Qxd6 Rd7 28. Qe5 h6 29. Qf5 d3 30. e5 d2 31. Rd1 Qd5 32. Qf4 Qd3 33. Qe3 Qc2
34. Qe2 Rd8 35. b4 Kh8 36. f4 Qb2 37. Kh2 Qc3 38. f5 Rd5 39. e6 fxe6 40. fxe6
Qe5+ 41. Qxe5 Rxe5 42. Rxd2 Rxe6 43. Rd7 a6 1/2-1/2

[Event "Ciudad de Pamplona Op"]
[Site "Pamplona ESP"]
[Date "2006.12.26"]
[Round "6.6"]
[White "Alcaide Luque, Aitor"]
[Black "Cortes Lizano, Jesus"]
[Result "1-0"]
[WhiteElo "2088"]
[BlackElo "2287"]
[PlyCount "67"]
[EventDate "2006.12.22"]
[EventType "swiss"]
[EventRounds "9"]
[EventCountry "ESP"]
[Source ""]
[SourceDate "2006.12.22"]

1. d4 Nf6 2. Bg5 e6 3. e3 b6 4. f4 Bb7 5. Nf3 Be7 6. Bd3 d6 7. Qe2 a5 8. O-O
Nbd7 9. Nbd2 O-O 10. c3 c5 11. Rad1 Qc7 12. e4 h6 13. e5 Nd5 14. Bxe7 Nxe7 15.
Ne4 d5 16. Ng3 g6 17. Nh4 f5 18. exf6 Rxf6 19. Qg4 Kh8 20. Rde1 Nf8 21. Qh3 Kg7
22. Qg4 Kh8 23. Qh3 Kg7 24. f5 Nxf5 25. Bxf5 exf5 26. Nhxf5+ gxf5 27. Nh5+ Kg6
28. Nxf6 Kxf6 29. Rxf5+ Kg7 30. Qh4 Ng6 31. Qf6+ Kh7 32. Qe6 Rf8 33. Rxf8 Nxf8
34. Qe7+ 1-0

[Event "Ciudad de Pamplona Op"]
[Site "Pamplona ESP"]
[Date "2006.12.26"]
[Round "6.7"]
[White "Arjol Etxeverria, David"]
[Black "Gomez Anadon, Daniel"]
[Result "1-0"]
[WhiteElo "2018"]
[BlackElo "2259"]
[PlyCount "123"]
[EventDate "2006.12.22"]
[EventType "swiss"]
[EventRounds "9"]
[EventCountry "ESP"]
[Source ""]
[SourceDate "2006.12.22"]

1. e4 c5 2. Nf3 d6 3. d4 cxd4 4. Nxd4 Nf6 5. Nc3 a6 6. a4 e5 7. Nb3 Be7 8. f3
Be6 9. Nd5 Bxd5 10. exd5 Nbd7 11. a5 O-O 12. c4 Nh5 13. Be3 f5 14. Qd2 Bh4+ 15.
Bf2 Rc8 16. Bxh4 Qxh4+ 17. Qf2 Qf6 18. g3 e4 19. f4 e3 20. Qe2 Nxf4 21. gxf4
Qh4+ 22. Kd1 Qxf4 23. Rg1 Ne5 24. Ra4 Qe4 25. Qc2 Qxc2+ 26. Kxc2 Nf3 27. Rg3
Nxh2 28. Be2 f4 29. Rh3 f3 30. Rxh2 fxe2 31. Rxe2 Rce8 32. Kd3 g5 33. Nd4 g4
34. Ra1 Rf2 35. Rg1 h5 36. Ne6 Kf7 37. Kxe3 Rf3+ 38. Kd2 Rg8 39. Rh1 g3 40.
Rxh5 Kf6 41. Rh1 Rg4 42. Rg1 Rxc4 43. Re3 Rf2+ 44. Kd3 Rb4 45. Rgxg3 Rbxb2 46.
Nd4 Rbd2+ 47. Kc3 Ra2 48. Re6+ Kf7 49. Rxd6 Rxa5 50. Rd7+ Kf6 51. Rxb7 Rxd5 52.
Rb6+ Kf7 53. Rxa6 Rf4 54. Rd3 Rc5+ 55. Kd2 Rc7 56. Ne6 Rf2+ 57. Ke3 Rcc2 58.
Nf4 Rf1 59. Rd7+ Ke8 60. Rh7 Rc8 61. Rh8+ Kd7 62. Ra7+ 1-0

[Event "Ciudad de Pamplona Op"]
[Site "Pamplona ESP"]
[Date "2006.12.26"]
[Round "6.8"]
[White "Montoya Irigoyen, Iñigo"]
[Black "Villuendas Valero, Adrian"]
[Result "1/2-1/2"]
[WhiteElo "2107"]
[BlackElo "2191"]
[PlyCount "48"]
[EventDate "2006.12.22"]
[EventType "swiss"]
[EventRounds "9"]
[EventCountry "ESP"]
[Source ""]
[SourceDate "2006.12.22"]

1. e4 c5 2. Nf3 d6 3. d4 Nf6 4. Nc3 cxd4 5. Nxd4 a6 6. Bg5 e6 7. f3 b5 8. Qd2
Nbd7 9. a4 b4 10. Nd1 Qc7 11. Ne3 Be7 12. Bxf6 Nxf6 13. Bc4 O-O 14. O-O Qb7 15.
Kh1 Bd7 16. Rfd1 Rfd8 17. Qe2 Be8 18. Rd2 Nd7 19. Ng4 Ne5 20. Nxe5 dxe5 21. Nb3
Rxd2 22. Qxd2 Qc6 23. Qe2 Rc8 24. Bd3 Bg5 1/2-1/2

[Event "Ciudad de Pamplona Op"]
[Site "Pamplona ESP"]
[Date "2006.12.26"]
[Round "6.9"]
[White "Moreno Gracia, Daniel"]
[Black "Argaya Urdaniz, Miguel"]
[Result "1-0"]
[WhiteElo "2178"]
[BlackElo "2084"]
[PlyCount "51"]
[EventDate "2006.12.22"]
[EventType "swiss"]
[EventRounds "9"]
[EventCountry "ESP"]
[Source ""]
[SourceDate "2006.12.22"]

1. c4 Nf6 2. Nc3 g6 3. g3 d5 4. cxd5 Nxd5 5. Bg2 Nxc3 6. bxc3 Bg7 7. Nf3 O-O 8.
O-O c5 9. d4 Nc6 10. e3 Qa5 11. Qb3 cxd4 12. cxd4 Rb8 13. Bd2 Qh5 14. Rfc1 Bh3
15. Rc5 e5 16. dxe5 Bg4 17. e4 Rfe8 18. Ng5 Nxe5 19. f4 Nf3+ 20. Bxf3 Bxf3 21.
Qxf7+ Kh8 22. Bc3 Bxc3 23. Rxc3 Rf8 24. Qc7 Bg4 25. Qe5+ Kg8 26. Rc7 1-0

[Event "Ciudad de Pamplona Op"]
[Site "Pamplona ESP"]
[Date "2006.12.26"]
[Round "6.10"]
[White "Irañeta Unzue, Iker"]
[Black "Ros Octavio de Toledo, Eduardo"]
[Result "0-1"]
[WhiteElo "1809"]
[BlackElo "2170"]
[PlyCount "76"]
[EventDate "2006.12.22"]
[EventType "swiss"]
[EventRounds "9"]
[EventCountry "ESP"]
[Source ""]
[SourceDate "2006.12.22"]

1. e4 c5 2. Nf3 d6 3. d4 cxd4 4. Nxd4 Nf6 5. Nc3 a6 6. f3 e5 7. Nb3 Be6 8. Be3
Nbd7 9. Qd2 b5 10. O-O-O Rc8 11. Kb1 Nb6 12. Bxb6 Qxb6 13. Nd5 Nxd5 14. exd5
Bf5 15. Bd3 Bxd3 16. Qxd3 Be7 17. f4 Bf6 18. g4 exf4 19. Rhe1+ Be5 20. Nd4 O-O
21. Nc6 Rxc6 22. dxc6 Qxc6 23. h4 Rc8 24. g5 g6 25. h5 a5 26. hxg6 hxg6 27. Rh1
a4 28. Rh6 Kg7 29. Rdh1 Qc5 30. Rh7+ Kf8 31. a3 b4 32. R1h6 Bg7 33. axb4 Qxb4
34. Rh8+ Ke7 35. Qe2+ Be5 36. Qxe5+ dxe5 37. Rxc8 a3 38. b3 Qe1+ 0-1

[Event "Ciudad de Pamplona Op"]
[Site "Pamplona ESP"]
[Date "2006.12.27"]
[Round "7.1"]
[White "Strikovic, Aleksa"]
[Black "Magem Badals, Jordi"]
[Result "1/2-1/2"]
[WhiteElo "2509"]
[BlackElo "2489"]
[PlyCount "31"]
[EventDate "2006.12.22"]
[EventType "swiss"]
[EventRounds "9"]
[EventCountry "ESP"]
[Source ""]
[SourceDate "2006.12.22"]

1. e4 c6 2. d4 d5 3. Nc3 dxe4 4. Nxe4 Bf5 5. Ng3 Bg6 6. h4 h6 7. Nf3 Nd7 8. h5
Bh7 9. Bd3 Bxd3 10. Qxd3 e6 11. Bf4 Qa5+ 12. Bd2 Qc7 13. O-O-O Ngf6 14. Ne4
O-O-O 15. g3 Nxe4 16. Qxe4 1/2-1/2

[Event "Ciudad de Pamplona Op"]
[Site "Pamplona ESP"]
[Date "2006.12.27"]
[Round "7.2"]
[White "Conquest, Stuart"]
[Black "Cortes Bueno, Jesus Javier"]
[Result "1/2-1/2"]
[WhiteElo "2549"]
[BlackElo "2261"]
[PlyCount "74"]
[EventDate "2006.12.22"]
[EventType "swiss"]
[EventRounds "9"]
[EventCountry "ESP"]
[Source ""]
[SourceDate "2006.12.22"]

1. d4 Nf6 2. c4 c5 3. d5 g6 4. Nc3 Bg7 5. e4 d6 6. Bd3 e6 7. Nge2 exd5 8. cxd5
O-O 9. O-O Re8 10. f3 Na6 11. Kh1 Bd7 12. a3 Nc7 13. Bf4 Qe7 14. Qd2 Qf8 15. b4
b6 16. Rab1 Rab8 17. g4 h6 18. Rg1 a6 19. a4 Nh7 20. Rg3 cxb4 21. Rxb4 b5 22.
a5 Rec8 23. Na2 Ne8 24. Rb1 Ng5 25. Nb4 Qe7 26. Nxa6 Ra8 27. Nb4 Rc4 28. Nc6
Bxc6 29. Bxg5 hxg5 30. Bxc4 bxc4 31. dxc6 Qe5 32. Rgg1 Rxa5 33. Rb8 Rc5 34. Nc3
Rxc6 35. Qd5 Qxc3 36. Rxe8+ Kh7 37. Qxf7 Rc7 1/2-1/2